PALEOGENE ANDESITE VOLCANISM AND ASSOCIATED ROCK ALTERATION (VELENCE MOUNTAINS, HUNGARY)

Bibliographic Details
Main Author: MÁRIA, DARIDA-TICHY (Author)
Format: Article
Language:English

MARC

LEADER 00000nab a2200000ua 4500
001 vtls010849575
003 SK-MaSNL
005 20260303134834.0
008 230218s1987 xo |||||||||||||||||eng|
035 |a (urnnbn)urn:nbn:sk:snk:ar-a079rg 
035 |a urn:nbn:sk:snk-ab6a8p 
035 |a (uuid)d9de0cb4-25fa-49c6-8c8e-9c8cec906ec8 
040 |a SNKBUCL  |b slo  |c SNKBUCL  |e AACR2 
041 0 |a eng 
044 |a xo  |c SK 
100 1 |a MÁRIA, DARIDA-TICHY  |4 aut  |9 1155713 
245 1 0 |a PALEOGENE ANDESITE VOLCANISM AND ASSOCIATED ROCK ALTERATION (VELENCE MOUNTAINS, HUNGARY)  |c Mária Darida-Tichy 
773 0 |t Geologický zborník  |g Roč. 38, č. 1 (1987), s. [19]-34 
958 |a OND 
958 |a EUIPO 
958 |a article5 
999 |c 1962076  |d 1964006